书目信息 |
| 题名: |
大学
|
|
| 作者: | 曾子 , 子思 , 鬼谷子 著 | |
| 分册: | ||
| 出版信息: | 哈尔滨 北方文艺出版社 2019.5 |
|
| 页数: | 264页 | |
| 开本: | 21cm | |
| 丛书名: | 中华经典藏书 | |
| 单 册: | ||
| 中图分类: | B222.1 , B228 | |
| 科图分类: | ||
| 主题词: | 儒家--ru jia , 纵横家--zong heng jia | |
| 电子资源: | ||
| ISBN: | 978-7-5317-4449-8 | |
| 000 | 01313oam2 2200349 450 | |
| 001 | 2156249925 | |
| 005 | 20211011172911.0 | |
| 010 | @a978-7-5317-4449-8@dCNY29.00 | |
| 100 | @a20190921d2019 em y0chiy50 ea | |
| 101 | 0 | @achi |
| 102 | @aCN@b230000 | |
| 105 | @ay z 000yy | |
| 106 | @ar | |
| 200 | 1 | @a大学@Ada xue@f(战国)曾子著@c中庸@f(战国)子思著@c鬼谷子@f(战国)鬼谷子著 |
| 210 | @a哈尔滨@c北方文艺出版社@d2019.5 | |
| 215 | @a264页@d21cm | |
| 225 | 2 | @a中华经典藏书@Azhong hua jing dian cang shu |
| 330 | @a《大学》和《中庸》本是《礼记》中的两篇,经宋儒二程和朱熹等人推崇,与《论语》《孟子》合称为“四书”,虽然篇幅不大却是儒家文化核心经典。《大学》以人的修养为核心,指出了“自天子以至于庶人,壹是皆以修身为本”提出了从格物致知,诚意正心到修身齐家,治国平天下的完整修养路径,包括了穷究万物事理获得知识,培养道德品性,完善自我人格等方面。 | |
| 423 | 0 | @12001@a中庸 |
| 423 | 0 | @12001@a鬼谷子 |
| 461 | 0 | @12001 @a中华经典藏书 |
| 517 | 1 | @a中庸@Azhong yong |
| 517 | 1 | @a鬼谷子@Agui gu zi |
| 606 | 0 | @a儒家@Aru jia |
| 606 | 0 | @a纵横家@Azong heng jia |
| 690 | @aB222.1@v5 | |
| 690 | @aB228@v5 | |
| 701 | 0 | @c(战国)@a曾子@Azeng zi@4著 |
| 701 | 0 | @c(战国)@a子思@Azi si@4著 |
| 701 | 0 | @c(战国)@a鬼谷子@Agui gu zi@4著 |
| 801 | 0 | @aCN@b百万庄@c20211006 |
| 905 | @b1304978-981@dB222.1@e997@f4 | |
| 大学/(战国)曾子著.中庸/(战国)子思著.鬼谷子/(战国)鬼谷子著.-哈尔滨:北方文艺出版社,2019.5 |
| 264页;21cm.-(中华经典藏书) |
| ISBN 978-7-5317-4449-8:CNY29.00 |
| 《大学》和《中庸》本是《礼记》中的两篇,经宋儒二程和朱熹等人推崇,与《论语》《孟子》合称为“四书”,虽然篇幅不大却是儒家文化核心经典。《大学》以人的修养为核心,指出了“自天子以至于庶人,壹是皆以修身为本”提出了从格物致知,诚意正心到修身齐家,治国平天下的完整修养路径,包括了穷究万物事理获得知识,培养道德品性,完善自我人格等方面。 |
| ● |
| 相关链接 |
|
|
|
|
正题名:大学
索取号:B222.1/997
 
预约/预借
| 序号 | 登录号 | 条形码 | 馆藏地/架位号 | 状态 | 备注 |
| 1 | 1304978 | 213049789 | 第一样本阅览室/ [索取号:B222.1/997] | 在馆 | |
| 2 | 1304979 | 213049798 | 第一借阅区/ [索取号:B222.1/997] | 在馆 | |
| 3 | 1304980 | 213049805 | 第一借阅区/ [索取号:B222.1/997] | 在馆 | |
| 4 | 1304981 | 213049814 | 第一借阅区/ [索取号:B222.1/997] | 在馆 |